000 00870nam a2200253 i 4500
001 C2-0344308
003 PPAK
005 20180728145243.0
008 171228s2016 xxka|||| ||||| | eng d
020 _a9781784520946
040 _aPPAK
_beng
_cPPAK
_erda
082 0 4 _a658.4022
_223
090 0 0 _a658.4022
_bCHA
_dG
100 1 _aChahel, Kavitha,
_eauthor
245 1 0 _aCompassionism :
_bhelping business leaders create engaged teams and happy people
264 1 _aSt Albans, Herts, United Kingdom :
_bPanoma Press Ltd. ,
_c2016
300 _a188 pages :
_billustrations ;
_c21 cm
336 _2rdacontent
_atext
337 _2rdamedia
_aunmediated
338 _2rdacarrier
_avolume
500 _aIncludes bibliographical references. ; Also available online.
650 1 0 _aTeams in the workplace - Management. ; Leadership. ; Communication.
942 _ddc
_cB
999 _c141055
_d141055